00775nam a22002177a 4500003000500000005001700005008004100022010001000063011001000073035001000083040000900093100002700102245012400129260003800253300001000291502009500301650006000396650003600456650002500492650004000517CHAP20220817042913.0971013s1978 r 00010 d a59432 a60404 a64566 cCHAP00aLlamas Lamas, Gerardo. aValor nutrítico de la harina de banano (Musa sapientum) verde con cáscara en la alimentación del pollo de engorda aMéxico, D.F. :bEl autor,c1978 a46 h. aTesis (Médico Veterinario Zootecnista) -- UNAM. Fac. de Medicina Veterinaria y Zootecnia14aAlimentos y alimentación del ganadoxValor nutritivo.14aAves de corralxAlimentación.14aHarina de plátano.14aPlátano en alimentación animal.